Постановления совета министров, протоколы междуведомственного совещания об учреждении в составе МВД юрисконсультского отдела и д...

Доступно только в Электронных читальных залах Найти на картеНа карте
RUSMARC
00003799nac2a22002413x 450
00133ac1a3b-ec35-4bed-bd44-4eb7ff7f0307
00520190304140043.0
100##$a20190110l 1919k y0rusy50 ca
1010#$arus
102##$aRU
105##$ay z |||||
2001#$aПостановления совета министров, протоколы междуведомственного совещания об учреждении в составе МВД юрисконсультского отдела и др.
$j06 ноября 1918 - 06 июня 1919
215##$a39 листов
251##$cДело
300##$aМашинописный и рукописный текст
461#0$10010f0e3429-2e37-4fb4-ace0-6332d350a692
$12001
$aМинистерство внутренних дел Российского правительства. Омск
$1251
$cФонд
$1852
$j1700
$gР
462#0$1001ae790ebe-5e57-4246-b847-45ced1f0c984
$12001
$aЮридический Отдел. 1918-1919 г.
$vД. 1
$1251
$cОпись
$1852
$j4
60102$3RU\NLR\AUTH\889929389
$aВременное Сибирское правительство
$bСовет Министров
60102$3RU\NLR\AUTH\8810247804
$aВременное Сибирское правительство
$bМинистерство внутренних дел
60102$aВременное Сибирское правительство. Министерство внутренних дел. Юрисконсультский отдел
801#0$aRU
$bGA_RF
801#1$aRU
$bГлавНИВЦ
$c20190110
$2rusmarc
801#2$aRU
$bПБ им. Б.Н. Ельцина
$c20190304
$gRCR
$2rusmarc
852##$aГА РФ
$j1
937##$d126631329
$hПБ
035##$aRuPRLIB51055182
856##$uhttp://readingroom.main.prlib.ru/item.aspx?id_node=n126631329&mode=full
Формат отображения